000 01200nam a22002177a 4500
999 _c58857
_d58857
003 Ge_BSU
005 20221010162554.0
008 221010s1978 ge ||||| |||| 00| 0 geo d
041 _ageo
080 _a271.22-725(479.22) ლ-80
100 _aლოლაშვილი, ივანე.
_94952
245 _aარსენ იყალთოელი :
_bცხოვრება და მოღვაწეობა /
_cივანე ლოლაშვილი ; შ. რუსთაველის სახ. ქართული ლიტ-რის ისტორიის ინ-ტი.
264 _aთბილისი :
_bმეცნიერება,
_c1978.
300 _a162 გვ. :
_b4 ფ. ილ. ;
_c21 სმ.
490 _aძველქართული ფილოსოფიური ძეგლები :
_vტექსტები და ძიებანი ; V
520 _aრეზ. რუს. ენ.
653 _aარსენ იყალთოელი
653 _aქართველი სასულიერო მოღვაწეები.
653 _aქართველი მწერლები
942 _2udc
_cBK